Návrh netodiky statistického zjišťování o inovačním procesu
Salvato in:
| Autore principale: | |
|---|---|
| Altri autori: | |
| Natura: | Libro |
| Lingua: | ceco |
| Pubblicazione: |
Praha
Výzkumný ústav soc. ekon. informaci a automat. v řízení
1984
|
| Tags: |
Nessun Tag, puoi essere il primo ad aggiungerne!!
|
MARC
| LEADER | 00000nam a2200000 4500 | ||
|---|---|---|---|
| 001 | c105923 | ||
| 005 | 20221207070030.6 | ||
| 041 | 0 | |a cze | |
| 044 | |a CZ | ||
| 245 | 1 | 0 | |a Návrh netodiky statistického zjišťování o inovačním procesu |c Věra Abrahámová, Jiří Kučera |
| 264 | 1 | |a Praha |b Výzkumný ústav soc. ekon. informaci a automat. v řízení |c 1984 | |
| 300 | |a 56 s. | ||
| 100 | 1 | |a Abrahámová, Věra | |
| 700 | 1 | |a Kučera, Jiří | |